Find the 'D' Countries Quiz Stats

 Plays Quiz Updated Feb 13, 2019

Challenge
Share
Tweet
Score 0/5 Timer 01:30
11 Plays Today
% Correct
Denmark
92.1%
Dominican Republic
69.1%
Djibouti
68%
Democratic Republic of the Congo
57.8%
Dominica
39.7%

You're not logged in!

Compare scores with friends on all Sporcle quizzes.
OR
Log In

You Might Also Like...

Show Comments

Extras

Top Quizzes Today


Score Distribution

Your Account Isn't Verified!

In order to create a playlist on Sporcle, you need to verify the email address you used during registration. Go to your Sporcle Settings to finish the process.

Report this User

Report this user for behavior that violates our Community Guidelines.

Details: